[Event "Czech Open Rapid 2019"]
[Site "Pardubice"]
[Date "2019.07.18"]
[Round "4.41"]
[White "Babicka, Michal"]
[Black "Soural, Jan"]
[Result "1/2-1/2"]
[WhiteElo "1955"]
[BlackElo "2162"]
[Annotator "TA"]
[PlyCount "112"]
[EventDate "2019.07.17"]
[EventType "swiss"]
[EventCountry "CZE"]
[SourceTitle "playchess.com"]
[Source "ChessBase"]
[SourceQuality "1"]

1. Nf3 Nf6 2. d4 e6 3. g3 c5 4. Bg2 d5 5. O-O cxd4 6. Nxd4 Nc6 7. c4 Be7 8. Nc3 O-O 9. cxd5 exd5 10. Bf4 Be6 11. Qd2 Qb6 12. Be3 Qa6 13. Nb3 b6 14. Bg5 Rfd8 15. Rfd1 d4 16. Bxf6 dxc3 17. Qxc3 Bxf6 18. Qxc6 Rac8 19. Rxd8+ Rxd8 20. Nc5 Qxe2 21. Nxe6 Qxe6 22. Qxe6 fxe6 23. Bh3 Rd2 24. Bxe6+ Kf8 25. Rf1 Bd4 26. Kg2 Rxb2 27. h4 Ke7 28. Bb3 b5 29. g4 a5 30. Kg3 a4 31. Bd5 Kd6 32. Bg8 b4 33. Rd1 Kc5 34. f3 b3 35. axb3 a3 36. Rd3 Bf2+ 37. Kf4 Bxh4 38. Rd5+ Kb6 39. Rd6+ Kb7 40. b4 a2 41. Bxa2 Rxa2 42. Rd7+ Kb6 43. Rxg7 h6 44. Rg6+ Kb5 45. Rxh6 Be1 46. Kf5 Rf2 47. Rh3 Kxb4 48. g5 Kc5 49. Kf6 Bc3+ 50. Kf7 Kd5 51. g6 Bb2 52. g7 Bxg7 53. Kxg7 Ke5 54. Kg6 Kf4 55. Kf6 Rxf3 56. Rxf3+ Kxf3 1/2-1/2

[Event "Czech Open Rapid 2019"]
[Site "Pardubice"]
[Date "2019.07.18"]
[Round "4.42"]
[White "Polak, Benedikt"]
[Black "Medvedyk, Volodymyr"]
[Result "1-0"]
[WhiteElo "2152"]
[BlackElo "1981"]
[Annotator "TA"]
[PlyCount "73"]
[EventDate "2019.07.17"]
[EventType "swiss"]
[EventCountry "CZE"]
[SourceTitle "playchess.com"]
[Source "ChessBase"]
[SourceQuality "1"]

1. Nf3 Nf6 2. c4 g6 3. Nc3 Bg7 4. e4 d6 5. d4 O-O 6. Be2 Na6 7. O-O e5 8. d5 Nc5 9. Qc2 a5 10. Bg5 h6 11. Be3 Nfd7 12. Nd2 f5 13. f3 f4 14. Bf2 h5 15. b3 Nf6 16. a3 g5 17. b4 axb4 18. axb4 Rxa1 19. Rxa1 Na6 20. c5 Nb8 21. Nc4 g4 22. Ra8 Nbd7 23. cxd6 cxd6 24. Nb5 Ne8 25. Na7 g3 26. hxg3 fxg3 27. Bxg3 b5 28. Rxc8 Qg5 29. Bf2 bxc4 30. Rxc4 h4 31. Qc1 Qh5 32. Nc6 h3 33. Ne7+ Kf7 34. g4 h2+ 35. Kh1 Qh7 36. Nf5 Bf6 37. g5 1-0

[Event "Czech Open Rapid 2019"]
[Site "Pardubice"]
[Date "2019.07.18"]
[Round "5.1"]
[White "Movsesian, Sergei"]
[Black "Bagi, Mate"]
[Result "1/2-1/2"]
[WhiteElo "2659"]
[BlackElo "2418"]
[Annotator "TA"]
[PlyCount "65"]
[EventDate "2019.07.17"]
[EventType "swiss"]
[EventCountry "CZE"]
[SourceTitle "playchess.com"]
[Source "ChessBase"]
[SourceQuality "1"]

1. e4 e5 2. Nf3 Nc6 3. Bc4 Nf6 4. d3 h6 5. a4 d6 6. O-O g5 7. Nc3 Bg7 8. Re1 O-O 9. h4 g4 10. Nh2 Nd4 11. Be3 c6 12. Ne2 Nxe2+ 13. Qxe2 Kh7 14. Rad1 d5 15. Bb3 Be6 16. c3 Qe7 17. Bc2 Nh5 18. exd5 cxd5 19. Nxg4 Qxh4 20. Nxe5 Bxe5 21. d4+ Kh8 22. dxe5 Rg8 23. Qf3 Rxg2+ 24. Qxg2 Rg8 25. Qxg8+ Kxg8 26. Rd4 Qh3 27. Bd1 Bf5 28. Bxh5 Qxh5 29. Rf4 Qg6+ 30. Kh2 Qh5+ 31. Kg1 Qg6+ 32. Kh2 Qh5+ 33. Kg1 1/2-1/2

[Event "Czech Open Rapid 2019"]
[Site "Pardubice"]
[Date "2019.07.18"]
[Round "5.1"]
[White "CERVENY, Martin"]
[Black "SARKAR, Justin"]
[Result "1-0"]
[WhiteElo "2399"]
[BlackElo "2278"]
[Annotator "NA"]
[PlyCount "99"]
[EventDate "2019.07.17"]
[EventType "swiss"]
[EventCountry "CZE"]
[SourceTitle "playchess.com"]
[Source "ChessBase"]
[SourceQuality "1"]

1. d4 Nf6 2. Nf3 d5 3. c4 dxc4 4. e3 a6 5. a4 Bf5 6. Bxc4 e6 7. O-O Nc6 8. Nc3 Be7 9. b3 O-O 10. Bb2 Ne4 11. Qe2 Na5 12. Bd3 Nxc3 13. Bxc3 Bxd3 14. Qxd3 Nxb3 15. Rab1 Nc5 16. Qc4 Ne4 17. Rfc1 b5 18. axb5 axb5 19. Qxb5 Ba3 20. Rc2 Rb8 21. Qf1 c5 22. Rd1 Nxc3 23. Rxc3 Qa5 24. Rc4 cxd4 25. Rcxd4 Bc5 26. Rd7 Qb5 27. Qxb5 Rxb5 28. g4 f6 29. Kg2 Rf7 30. h4 Rb7 31. R7d3 Rfe7 32. Nd2 f5 33. g5 g6 34. Rd8+ Kg7 35. Nc4 Bb6 36. Rc8 Bc7 37. Nd6 Bxd6 38. Rxd6 Rbd7 39. Rdc6 e5 40. Kf3 h6 41. h5 gxh5 42. Rxh6 h4 43. Rcc6 h3 44. Rcg6+ Kf8 45. Rh8+ Kf7 46. Rf6+ Kg7 47. Rxh3 Rf7 48. Rhh6 Rxf6 49. Rxf6 Rf7 50. Re6 1-0

[Event "Czech Open Rapid 2019"]
[Site "Pardubice"]
[Date "2019.07.18"]
[Round "5.2"]
[White "Nagy, Gabor"]
[Black "Potapov, Pavel"]
[Result "1/2-1/2"]
[WhiteElo "2523"]
[BlackElo "2577"]
[Annotator "TA"]
[PlyCount "53"]
[EventDate "2019.07.17"]
[EventType "swiss"]
[EventCountry "CZE"]
[SourceTitle "playchess.com"]
[Source "ChessBase"]
[SourceQuality "1"]

1. Nf3 Nf6 2. c4 e6 3. Nc3 d5 4. d4 c6 5. g3 Nbd7 6. Bg2 Bd6 7. O-O O-O 8. Nd2 Bc7 9. e4 dxe4 10. Ndxe4 h6 11. Re1 Nxe4 12. Nxe4 Nf6 13. Nc3 Re8 14. h3 e5 15. d5 cxd5 16. cxd5 Bd6 17. Be3 Bd7 18. Qb3 b6 19. Rac1 Rc8 20. Nb5 Rxc1 21. Rxc1 Qb8 22. a4 Rc8 23. Rxc8+ Bxc8 24. Qc4 Bd7 25. b3 Ne8 26. g4 Bf8 27. Bf1 1/2-1/2

[Event "Czech Open Rapid 2019"]
[Site "Pardubice"]
[Date "2019.07.18"]
[Round "5.2"]
[White "SYDORYKA, Vladyslav"]
[Black "SIMACEK, Pavel"]
[Result "1-0"]
[WhiteElo "2263"]
[BlackElo "2398"]
[Annotator "NA"]
[PlyCount "71"]
[EventDate "2019.07.17"]
[EventType "swiss"]
[EventCountry "CZE"]
[SourceTitle "playchess.com"]
[Source "ChessBase"]
[SourceQuality "1"]

1. c4 Nf6 2. g3 e5 3. Bg2 d5 4. cxd5 Nxd5 5. Nc3 Nb6 6. Nf3 Nc6 7. O-O Be7 8. d3 O-O 9. Be3 Re8 10. Rc1 Bf8 11. Ne4 Nd4 12. Re1 Bg4 13. Nxd4 exd4 14. Bf4 Nd5 15. Bg5 f6 16. Bd2 c6 17. Qb3 Qb6 18. Qc2 Rad8 19. h3 Bh5 20. a3 f5 21. Ng5 Bxe2 22. Ba5 Qxa5 23. Rxe2 Re7 24. Rxe7 Bxe7 25. Ne6 Re8 26. Nxd4 g6 27. Qb3 Bf6 28. Nxc6 Re1+ 29. Kh2 bxc6 30. Rxc6 Kg7 31. Bxd5 Re2 32. Qb7+ Kh6 33. Rxf6 Qe1 34. Rf7 Qxf2+ 35. Bg2 Re1 36. h4 1-0

[Event "Czech Open Rapid 2019"]
[Site "Pardubice"]
[Date "2019.07.18"]
[Round "5.3"]
[White "Bryzgalin, Kirill"]
[Black "Vykouk, Jan"]
[Result "1-0"]
[WhiteElo "2483"]
[BlackElo "2395"]
[Annotator "ChessBase"]
[PlyCount "51"]
[EventDate "2019.07.17"]
[EventType "swiss"]
[EventCountry "CZE"]
[SourceTitle "playchess.com"]
[Source "ChessBase"]
[SourceQuality "1"]

1. d4 Nf6 2. Nf3 g6 3. e3 Bg7 4. b4 O-O 5. Bb2 d5 6. c4 c6 7. Nc3 Bf5 8. Be2 Ne4 9. O-O Nxc3 10. Bxc3 Nd7 11. a4 dxc4 12. Bxc4 c5 13. bxc5 Nxc5 14. Bb4 Ne4 15. Qb3 Rc8 16. Rfc1 a5 17. Ba3 Bg4 18. Qxb7 Bxf3 19. gxf3 Rxc4 20. Rxc4 Nd6 21. Bxd6 exd6 22. Qd5 Re8 23. Rac1 h5 24. Rc8 Qxc8 25. Rxc8 Rxc8 26. Qxa5 1-0

[Event "Czech Open Rapid 2019"]
[Site "Pardubice"]
[Date "2019.07.18"]
[Round "5.3"]
[White "PANESSO RIVERA, Henry"]
[Black "LEDERMAN, Leon"]
[Result "1-0"]
[WhiteElo "2377"]
[BlackElo "2238"]
[Annotator "NA"]
[PlyCount "65"]
[EventDate "2019.07.17"]
[EventType "swiss"]
[EventCountry "CZE"]
[SourceTitle "playchess.com"]
[Source "ChessBase"]
[SourceQuality "1"]

1. Nf3 d5 2. g3 Nf6 3. Bg2 c6 4. b3 Bf5 5. Bb2 e6 6. c4 h6 7. d3 Be7 8. O-O O-O 9. a3 a5 10. Nbd2 Nbd7 11. Ra2 Qb6 12. Qa1 Bh7 13. Rb1 Bc5 14. Bd4 Bxd4 15. Qxd4 Qxd4 16. Nxd4 e5 17. Nc2 Rfe8 18. b4 a4 19. e4 dxe4 20. dxe4 Nf8 21. f3 Rad8 22. Ne3 Rd4 23. c5 Red8 24. Ndc4 Rd3 25. Kf2 N6d7 26. Bf1 Rd4 27. Nc2 Ne6 28. Nxd4 Nxd4 29. Rd2 f5 30. exf5 Bxf5 31. Re1 Rf8 32. Nxe5 Nxe5 33. Rxd4 1-0

[Event "Czech Open Rapid 2019"]
[Site "Pardubice"]
[Date "2019.07.18"]
[Round "5.4"]
[White "Dvoirys, Semen I."]
[Black "Geller, Jakov"]
[Result "0-1"]
[WhiteElo "2505"]
[BlackElo "2559"]
[Annotator "ChessBase"]
[PlyCount "80"]
[EventDate "2019.07.17"]
[EventType "swiss"]
[EventCountry "CZE"]
[SourceTitle "playchess.com"]
[Source "ChessBase"]
[SourceQuality "1"]

1. e4 c5 2. Nf3 e6 3. d4 cxd4 4. Nxd4 Nc6 5. Nc3 Qc7 6. Be3 a6 7. Bd3 Nf6 8. O-O Nxd4 9. Bxd4 Bc5 10. Bxc5 Qxc5 11. Re1 d6 12. Re3 b5 13. Qd2 Bb7 14. a3 O-O 15. Rd1 Rac8 16. Be2 d5 17. exd5 Bxd5 18. Qd4 Bb7 19. Qxc5 Rxc5 20. Rd6 Rfc8 21. Bf3 Bxf3 22. Rxf3 R5c6 23. Rfd3 Kf8 24. Rxc6 Rxc6 25. Rd8+ Ke7 26. Ra8 Ne8 27. Kf1 Nd6 28. Ra7+ Kf6 29. Ke1 Nc4 30. Nd1 h5 31. h4 Rd6 32. c3 e5 33. Rc7 e4 34. a4 Ne5 35. axb5 axb5 36. Rb7 Nd3+ 37. Kf1 Nc5 38. Rxb5 Rxd1+ 39. Ke2 Rd5 40. b4 Na4 0-1

[Event "Czech Open Rapid 2019"]
[Site "Pardubice"]
[Date "2019.07.18"]
[Round "5.4"]
[White "Zpevak, Pavel"]
[Black "TER-SAAKIAN, Grigorii"]
[Result "1-0"]
[WhiteElo "2343"]
[BlackElo "2178"]
[Annotator "TA"]
[PlyCount "56"]
[EventDate "2019.07.17"]
[EventType "swiss"]
[EventCountry "CZE"]
[SourceTitle "playchess.com"]
[Source "ChessBase"]
[SourceQuality "1"]

1. d4 d5 2. c4 c6 3. Nf3 Nf6 4. Qc2 e6 5. g3 Nbd7 6. Bg2 Bb4+ 7. Nbd2 O-O 8. O-O b6 9. e4 dxe4 10. Nxe4 Nxe4 11. Qxe4 Bb7 12. Bf4 Nf6 13. Qe2 Bd6 14. Ne5 Rc8 15. Rfe1 Qe7 16. Bg5 c5 17. Bxf6 gxf6 18. Bxb7 Qxb7 19. Ng4 f5 20. Nh6+ Kg7 21. Qh5 Be7 22. d5 Bf6 23. dxe6 fxe6 24. Rxe6 Kh8 25. Rae1 f4 26. Nf5 fxg3 27. hxg3 Rc7 28. Rxf6 Rxf6 1-0

[Event "Czech Open Rapid 2019"]
[Site "Pardubice"]
[Date "2019.07.18"]
[Round "5.5"]
[White "Belyakov, Bogdan"]
[Black "Bogdanov, Egor"]
[Result "1-0"]
[WhiteElo "2483"]
[BlackElo "2407"]
[Annotator "TA"]
[PlyCount "151"]
[EventDate "2019.07.17"]
[EventType "swiss"]
[EventCountry "CZE"]
[SourceTitle "playchess.com"]
[Source "ChessBase"]
[SourceQuality "1"]

1. e4 c5 2. c3 Nf6 3. e5 Nd5 4. Bc4 Nb6 5. Bb3 c4 6. Bc2 Nc6 7. Nf3 d6 8. exd6 Qxd6 9. O-O Bg4 10. h3 Bh5 11. Re1 O-O-O 12. a4 e5 13. a5 Nd5 14. a6 b5 15. Na3 Qb8 16. Bf5+ Kc7 17. b3 Nxc3 18. Qc2 Ne2+ 19. Rxe2 Bxf3 20. Re3 Nd4 21. Qb1 g6 22. Be4 Nxb3 23. Bxf3 Nxa1 24. Qxa1 f6 25. Qb1 Bxa3 26. Rxa3 Qb6 27. d3 Rxd3 28. Rxd3 cxd3 29. Qxd3 Rd8 30. Qa3 b4 31. Qb3 Qc5 32. Be3 Qc3 33. Qf7+ Rd7 34. Qxf6 b3 35. Bxa7 Qc1+ 36. Kh2 Qf4+ 37. Qxf4 exf4 38. Bc5 b2 39. a7 Rd8 40. Be4 Re8 41. Bd3 Kc6 42. Bd4 Kd5 43. Bxb2 Ra8 44. h4 Rxa7 45. f3 Ra2 46. Bh8 Rd2 47. Be4+ Ke6 48. Kh3 Ra2 49. Bd4 Ra4 50. Bb6 Rc4 51. Kg4 Ke5 52. Bg1 Ra4 53. Bh2 Ra2 54. Bxf4+ Kf6 55. Kg3 Ra4 56. Bd2 Rc4 57. Be3 Ra4 58. Bf4 Rc4 59. Kh3 Ra4 60. g4 Rb4 61. Kg3 Ra4 62. g5+ Ke6 63. Kg4 Rb4 64. h5 Kf7 65. Bd5+ Ke7 66. h6 Rb1 67. Be5 Rb5 68. Bf6+ Kf8 69. Bg7+ Ke7 70. Bg8 Rb4+ 71. f4 Ra4 72. Kf3 Ra3+ 73. Ke4 Ra4+ 74. Bd4 Rb4 75. Bxh7 Kf7 76. f5 1-0

[Event "Czech Open Rapid 2019"]
[Site "Pardubice"]
[Date "2019.07.18"]
[Round "5.5"]
[White "BURDALEV, Kirill"]
[Black "Sysolyatin, Evgeny"]
[Result "1/2-1/2"]
[WhiteElo "2357"]
[BlackElo "2271"]
[Annotator "NA"]
[PlyCount "91"]
[EventDate "2019.07.17"]
[EventType "swiss"]
[EventCountry "CZE"]
[SourceTitle "playchess.com"]
[Source "ChessBase"]
[SourceQuality "1"]

1. d4 d5 2. Bf4 e6 3. e3 c5 4. c3 Bd6 5. Bg3 Nc6 6. Nf3 Nge7 7. Nbd2 Nf5 8. Bxd6 Qxd6 9. Bd3 Nfe7 10. Qe2 e5 11. dxc5 Qxc5 12. e4 O-O 13. O-O Bg4 14. exd5 Bxf3 15. Nxf3 Qxd5 16. Rfe1 Ng6 17. g3 Rae8 18. h4 Kh8 19. Ng5 h6 20. Rad1 e4 21. Bc4 Qf5 22. Nxe4 Nge5 23. f4 Nxc4 24. Qxc4 Re6 25. Nf2 Rfe8 26. Rxe6 Rxe6 27. Qd3 Qc5 28. Kg2 Re3 29. Qd5 Qb6 30. Rd2 Kg8 31. b4 Rxc3 32. b5 Rc5 33. Qe4 Qxb5 34. Qe8+ Kh7 35. Qxf7 Rc1 36. Nd3 Qa5 37. Re2 Rd1 38. h5 Rd2 39. Qg6+ Kh8 40. Qe8+ Kh7 41. Qe4+ Kh8 42. Qe8+ Kh7 43. Qe4+ Kh8 44. g4 Qxa2 45. Qe8+ Kh7 46. Qe4+ 1/2-1/2

[Event "Czech Open Rapid 2019"]
[Site "Pardubice"]
[Date "2019.07.18"]
[Round "5.6"]
[White "Vorobiov, Evgeny E."]
[Black "Sahidi, Samir"]
[Result "1-0"]
[WhiteElo "2572"]
[BlackElo "2369"]
[Annotator "TA"]
[PlyCount "171"]
[EventDate "2019.07.17"]
[EventType "swiss"]
[EventCountry "CZE"]
[SourceTitle "playchess.com"]
[Source "ChessBase"]
[SourceQuality "1"]

1. d4 Nf6 2. c4 e6 3. Nf3 b6 4. Bf4 Bb4+ 5. Nfd2 O-O 6. a3 Bxd2+ 7. Qxd2 Bb7 8. Nc3 Nc6 9. e3 h6 10. Be2 d6 11. Rd1 e5 12. Bg3 exd4 13. exd4 Ne7 14. d5 Nf5 15. Bf4 Re8 16. O-O Qd7 17. Bd3 Nh4 18. h3 Ng6 19. Bh2 Re7 20. Rfe1 Rae8 21. Rxe7 Qxe7 22. Nb5 a6 23. Nd4 Qd7 24. Re1 Rxe1+ 25. Qxe1 Qe8 26. Qxe8+ Nxe8 27. f4 Ne7 28. g4 Nf6 29. Kf2 Kf8 30. Ke3 Ke8 31. b3 Nd7 32. Bg3 g6 33. Bh4 Nc5 34. Bc2 Nd7 35. a4 Nb8 36. Bf6 Ng8 37. Bg7 Nd7 38. h4 Ndf6 39. g5 hxg5 40. hxg5 Nh5 41. Bh8 Ne7 42. f5 Bc8 43. fxg6 Nxg6 44. Bf6 Nhf4 45. Nf5 Ng2+ 46. Kd4 Ne1 47. Be4 Nf3+ 48. Bxf3 Bxf5 49. b4 Nh4 50. Be2 Bg6 51. c5 Nf5+ 52. Kc3 Ne3 53. cxd6 Nxd5+ 54. Kb3 cxd6 55. Bxa6 Nc7 56. Bb7 Kd7 57. Bd4 b5 58. a5 Ne6 59. Bb6 Nc7 60. a6 Nxa6 61. Bxa6 Kc6 62. Bd8 Bf5 63. Kc3 Be6 64. Kd4 Bd7 65. Ke4 Be6 66. Kf4 Bd7 67. Kg3 Bf5 68. Kh4 Bd7 69. Kh5 Be6 70. Kh6 d5 71. Kg7 d4 72. Bf6 d3 73. Bc3 Kb6 74. Kf6 Bd7 75. Kxf7 Kxa6 76. g6 Bc6 77. Ke6 Be4 78. g7 Bh7 79. Kf7 Kb6 80. g8=Q Bxg8+ 81. Kxg8 Kc6 82. Kf7 Kd5 83. Ke7 Kc4 84. Bd2 Kb3 85. Kd6 Kc2 86. Bf4 1-0

[Event "Czech Open Rapid 2019"]
[Site "Pardubice"]
[Date "2019.07.18"]
[Round "5.6"]
[White "FLAJSMAN, Pavel"]
[Black "RETINSKY, Vladimir"]
[Result "0-1"]
[WhiteElo "1994"]
[BlackElo "2343"]
[Annotator "NA"]
[PlyCount "100"]
[EventDate "2019.07.17"]
[EventType "swiss"]
[EventCountry "CZE"]
[SourceTitle "playchess.com"]
[Source "ChessBase"]
[SourceQuality "1"]

1. d4 d5 2. Nf3 Nf6 3. c4 c6 4. g3 Bf5 5. Nc3 e6 6. Bg2 Be7 7. O-O O-O 8. b3 Nbd7 9. Bb2 Ne4 10. Nd2 Nxc3 11. Bxc3 Nf6 12. Re1 a5 13. e4 Nxe4 14. Nxe4 Bxe4 15. Bxe4 dxe4 16. Rxe4 Bf6 17. Qf3 a4 18. b4 b5 19. Rg4 bxc4 20. d5 Bxc3 21. Qxc3 g6 22. dxc6 Qb6 23. Rxc4 Rac8 24. Rb1 Rfd8 25. b5 Rd5 26. Qe3 Qd8 27. Kg2 Rd3 28. Qe4 Qd6 29. b6 f5 30. b7 Rf8 31. Qh4 f4 32. c7 Qd5+ 33. Kg1 Rd1+ 34. Rxd1 Qxd1+ 35. Kg2 f3+ 36. Kh3 Qf1+ 37. Kg4 Qxc4+ 38. Kh3 Qxc7 39. Qe4 Qf7 40. Qc6 Qf5+ 41. g4 Qe5 42. Qc8 g5 43. b8=Q Qxb8 44. Qxe6+ Rf7 45. Qh6 Qf4 46. a3 Qf6 47. Qh5 Qg6 48. Qxg6+ hxg6 49. Kg3 Rb7 50. Kh3 Rb3 0-1

[Event "Czech Open Rapid 2019"]
[Site "Pardubice"]
[Date "2019.07.18"]
[Round "5.7"]
[White "Polschikov, Alexey"]
[Black "Plat, Vojtech"]
[Result "0-1"]
[WhiteElo "2344"]
[BlackElo "2547"]
[Annotator "ChessBase"]
[PlyCount "74"]
[EventDate "2019.07.17"]
[EventType "swiss"]
[EventCountry "CZE"]
[SourceTitle "playchess.com"]
[Source "ChessBase"]
[SourceQuality "1"]

1. Nf3 d6 2. d4 Bg4 3. e4 c6 4. Be2 Nd7 5. O-O Ngf6 6. h3 Bh5 7. Nc3 e5 8. a4 a5 9. Be3 Be7 10. Nh4 Bg6 11. Nxg6 hxg6 12. f4 exf4 13. Bxf4 Qb6 14. Kh1 Nh5 15. Bh2 O-O 16. e5 dxe5 17. dxe5 Rad8 18. Bxh5 gxh5 19. Qxh5 Qxb2 20. Ne4 Qxc2 21. Qg4 Nc5 22. Nf6+ Bxf6 23. exf6 Qg6 24. fxg7 Qxg7 25. Qc4 Rd2 26. g4 Nd3 27. Ra2 b5 28. Qb3 Nc5 29. Qb1 Rxa2 30. Qxa2 Nxa4 31. Qe2 Nc3 32. Qe7 Nd5 33. Qd6 Qg6 34. Qe5 Qg7 35. Qh5 a4 36. Be5 f6 37. Bd4 Qh7 0-1

[Event "Czech Open Rapid 2019"]
[Site "Pardubice"]
[Date "2019.07.18"]
[Round "5.7"]
[White "FROLOV, Artur"]
[Black "Dixit, Nikhil"]
[Result "1/2-1/2"]
[WhiteElo "2338"]
[BlackElo "2318"]
[Annotator "NA"]
[PlyCount "91"]
[EventDate "2019.07.17"]
[EventType "swiss"]
[EventCountry "CZE"]
[SourceTitle "playchess.com"]
[Source "ChessBase"]
[SourceQuality "1"]

1. e4 g6 2. d4 Bg7 3. Nc3 c6 4. h4 d5 5. e5 Nh6 6. h5 Bg4 7. f3 Be6 8. Bf4 f6 9. hxg6 hxg6 10. Bd3 g5 11. exf6 exf6 12. Bg6+ Bf7 13. Qe2+ Kf8 14. Bxf7 Kxf7 15. Be3 Re8 16. Qd3 Na6 17. O-O-O Nb4 18. Qd2 Nf5 19. Bf2 Nd6 20. b3 Qa5 21. Kb2 Qb6 22. Ka1 a5 23. a4 Qc7 24. Nge2 b5 25. Nc1 Qe7 26. Rde1 Qf8 27. Nd3 bxa4 28. Nxb4 axb4 29. Nxa4 Nc4 30. Qd3 Rxa4+ 31. bxa4 b3 32. Qxb3 Rb8 33. Qa2 Qb4 34. Qb3 Qd6 35. Qa2 Qb4 36. Qb3 Qd6 37. Qa2 Qb4 38. Qb3 Qd6 39. Qa2 Qb4 40. Qb3 Qf8 41. Qa2 Qb4 42. Qb3 Qd6 43. Qa2 Qb4 44. Qb3 Qd6 45. Qa2 c5 46. Rb1 1/2-1/2

[Event "Czech Open Rapid 2019"]
[Site "Pardubice"]
[Date "2019.07.18"]
[Round "5.8"]
[White "Goriatchkin, Jouri"]
[Black "Zilka, Stepan"]
[Result "1-0"]
[WhiteElo "2316"]
[BlackElo "2537"]
[Annotator "TA"]
[PlyCount "153"]
[EventDate "2019.07.17"]
[EventType "swiss"]
[EventCountry "CZE"]
[SourceTitle "playchess.com"]
[Source "ChessBase"]
[SourceQuality "1"]

1. d4 d5 2. c4 dxc4 3. e3 Nf6 4. Bxc4 e6 5. Nf3 c5 6. O-O a6 7. dxc5 Bxc5 8. Qxd8+ Kxd8 9. Rd1+ Ke7 10. b3 Nc6 11. Bb2 Bd7 12. Nbd2 Rhd8 13. Rac1 Bd6 14. Be2 b5 15. a4 Na5 16. axb5 axb5 17. Nd4 Bb4 18. N2f3 Rac8 19. Ne5 Be8 20. Ra1 Bd6 21. Nxf7 Kxf7 22. Rxa5 Bb8 23. Nxb5 Rxd1+ 24. Bxd1 Rc5 25. Be2 Rc2 26. Bxf6 Rxe2 27. Kf1 Rc2 28. Bd4 e5 29. Ba7 Bc7 30. Nxc7 Rxc7 31. Bc5 Rb7 32. Ra7 Rxa7 33. Bxa7 e4 34. f3 exf3 35. gxf3 Bc6 36. e4 g5 37. Kf2 h5 38. Ke3 Bb5 39. b4 h4 40. Bb6 h3 41. Kf2 Kg6 42. Kg3 Bd7 43. Bd8 Kh5 44. f4 gxf4+ 45. Kxf4 Kg6 46. Ke5 Bc6 47. Kd4 Kf7 48. e5 Ke8 49. Kc5 Bf3 50. Bc7 Kd7 51. Kb6 Bg2 52. Bd6 Bf1 53. Kc5 Be2 54. b5 Bf1 55. b6 Bg2 56. Kb5 Bb7 57. Kc4 Ke6 58. Kd4 Kf5 59. Ke3 Bg2 60. Kf2 Ke6 61. Kg3 Kf7 62. Kf4 Ke6 63. Kg5 Be4 64. Kh6 Kf7 65. Bc7 Bg2 66. Kg5 Bb7 67. Kf5 Bc8+ 68. Kf4 Ke6 69. Kg3 Kf7 70. Bd6 Ke8 71. e6 Kd8 72. Kf4 Bb7 73. Ke5 Bc6 74. Bc5 Kc8 75. Kd6 Ba4 76. e7 Be8 77. Ke6 1-0

[Event "Czech Open Rapid 2019"]
[Site "Pardubice"]
[Date "2019.07.18"]
[Round "5.8"]
[White "RAKSHITTA, Ravi"]
[Black "MANIK, Mikulas"]
[Result "0-1"]
[WhiteElo "1708"]
[BlackElo "2458"]
[Annotator "RC"]
[PlyCount "80"]
[EventDate "2019.07.17"]
[EventType "swiss"]
[EventCountry "CZE"]
[SourceTitle "playchess.com"]
[Source "ChessBase"]
[SourceQuality "1"]

1. e4 c5 2. Nc3 Nc6 3. Bb5 Nd4 4. Bc4 e6 5. Nf3 Qc7 6. O-O a6 7. a4 Ne7 8. d3 Nec6 9. Re1 Bd6 10. h3 Nxf3+ 11. Qxf3 Ne5 12. Qe2 b6 13. Rf1 O-O 14. f4 Nxc4 15. dxc4 f5 16. e5 Be7 17. Be3 Bb7 18. Kh2 d6 19. exd6 Bxd6 20. Rad1 Rf6 21. Qf2 g5 22. g3 g4 23. h4 Bf3 24. Ne2 Rd8 25. Bd2 e5 26. Bc3 Re6 27. Qe3 Rde8 28. fxe5 Bxe5 29. Bxe5 Qxe5 30. Qg5+ Rg6 31. Qd2 Qxe2+ 32. Qxe2 Rxe2+ 33. Kg1 Rg2+ 34. Kh1 Rxg3+ 35. Kh2 Rg2+ 36. Kh1 Rxc2+ 37. Kg1 Rg2+ 38. Kh1 Rxb2+ 39. Kg1 Rg2+ 40. Kh1 Rh6 0-1

[Event "Czech Open Rapid 2019"]
[Site "Pardubice"]
[Date "2019.07.18"]
[Round "5.9"]
[White "STOCEK, Jiri"]
[Black "POLAK, Benedikt"]
[Result "1-0"]
[WhiteElo "2539"]
[BlackElo "2152"]
[Annotator "TA"]
[PlyCount "45"]
[EventDate "2019.07.17"]
[EventType "swiss"]
[EventCountry "CZE"]
[SourceTitle "playchess.com"]
[Source "ChessBase"]
[SourceQuality "1"]

1. e4 c5 2. Nf3 e6 3. d4 cxd4 4. Nxd4 a6 5. Qf3 Nc6 6. Nxc6 bxc6 7. c4 Nf6 8. Nc3 e5 9. Qg3 d6 10. Be2 Be7 11. c5 d5 12. exd5 cxd5 13. Qxe5 d4 14. Bf3 Ra7 15. Ne2 d3 16. Nd4 O-O 17. Nc6 Qc7 18. Qxc7 Rxc7 19. Bf4 Rd7 20. Rc1 Re8 21. Kd2 Nd5 22. Nxe7+ Nxe7 23. Rhe1 1-0

[Event "Czech Open Rapid 2019"]
[Site "Pardubice"]
[Date "2019.07.18"]
[Round "5.9"]
[White "Myshakov, Fyodor"]
[Black "Valderrama Quiceno, Esteban Alb"]
[Result "0-1"]
[WhiteElo "2282"]
[BlackElo "2481"]
[Annotator "ChessBase"]
[PlyCount "100"]
[EventDate "2019.07.17"]
[EventType "swiss"]
[EventCountry "CZE"]
[SourceTitle "playchess.com"]
[Source "ChessBase"]
[SourceQuality "1"]

1. c4 Nf6 2. Nc3 g6 3. Nf3 Bg7 4. g3 O-O 5. Bg2 d6 6. O-O e5 7. Rb1 Re8 8. b4 c6 9. a4 e4 10. Nd4 d5 11. cxd5 Nxd5 12. Nxd5 Qxd5 13. Nb3 Qf5 14. Bb2 Bxb2 15. Rxb2 Na6 16. Qb1 Qe5 17. Na5 Bg4 18. Re1 Qe7 19. Nc4 Rad8 20. Ne3 Bc8 21. Rd1 Rd4 22. d3 exd3 23. Rxd3 Rxb4 24. Rxb4 Qxb4 25. Qd1 Qe7 26. Nc4 Nc5 27. Re3 Be6 28. Ne5 Rd8 29. Qa1 Qd6 30. Nd3 Bf5 31. Bf1 Bxd3 32. exd3 Qd4 33. Qe1 Kg7 34. Re7 Qf6 35. a5 h5 36. h4 Rd6 37. Qe3 Qd4 38. Qe1 Rf6 39. Re3 b5 40. axb6 axb6 41. Qb1 b5 42. Qe1 b4 43. Re8 Re6 44. Rxe6 Nxe6 45. Bg2 Qc3 46. Qb1 Nd4 47. Kh2 b3 48. Qd1 b2 49. g4 Qc1 50. Qa4 Qf4+ 0-1

[Event "Czech Open Rapid 2019"]
[Site "Pardubice"]
[Date "2019.07.18"]
[Round "5.10"]
[White "Rasik, Vitezslav"]
[Black "Domogaev, Sergey"]
[Result "1-0"]
[WhiteElo "2480"]
[BlackElo "2332"]
[Annotator "ChessBase"]
[PlyCount "101"]
[EventDate "2019.07.17"]
[EventType "swiss"]
[EventCountry "CZE"]
[SourceTitle "playchess.com"]
[Source "ChessBase"]
[SourceQuality "1"]

1. e4 e5 2. Nf3 Nc6 3. Bb5 a6 4. Ba4 Nf6 5. O-O Be7 6. Re1 b5 7. Bb3 d6 8. c3 O-O 9. h3 Nb8 10. d4 Nbd7 11. Nbd2 c5 12. d5 c4 13. Bc2 Qc7 14. Nf1 Nc5 15. Ng3 Re8 16. Bg5 Bd7 17. Qd2 a5 18. Nh2 Rab8 19. Be3 b4 20. f4 b3 21. axb3 exf4 22. Bxf4 Nxb3 23. Bxb3 Rxb3 24. Nf3 Qb8 25. Ra2 Bd8 26. Nd4 Rb7 27. Nc6 Bb6+ 28. Kh2 Qc7 29. Nf5 Bxc6 30. Bxd6 Qd8 31. dxc6 Ra7 32. Qg5 g6 33. e5 Nd5 34. Qxd8 Rxd8 35. Rd1 Nf4 36. Nd4 Rc8 37. Nb5 Ra6 38. c7 Ne6 39. Ra4 h5 40. Rxc4 h4 41. Kh1 Bf2 42. Ra4 Rb6 43. Rxa5 Rb7 44. c4 Bb6 45. Ra6 Kg7 46. b4 g5 47. Rda1 Nxc7 48. Nxc7 Bxc7 49. Rc6 Bxd6 50. Rxc8 Bxe5 51. Rb1 1-0